The temple of the wild geese and bamboo dolss of Echizen

Tallennettuna:
Bibliografiset tiedot
Päätekijä: Mizukami, Tsutomu (autor)
Aineistotyyppi: Kirja
Kieli:englanti
Julkaistu: Urbana Dalkey Archive Press 2008
Aiheet:
Tagit: Lisää tagi
Ei tageja, Lisää ensimmäinen tagi!

MARC

LEADER 00000nam a2200000 a 4500
001 UCH1026
003 CL-VaPUC
008 090402e20080000US |||||||||||||||||eng|d
020 |a 1564784908 
082 0 4 |a 895.6  |b MIZ  |2 21 
100 |a Mizukami, Tsutomu  |e autor  |9 535357 
245 1 4 |a The temple of the wild geese and bamboo dolss of Echizen 
300 |a 203 p 
942 |c BK 
945 |d 20090402 00:00:00  |a dcastane 
260 |a Urbana  |b Dalkey Archive Press  |c 2008 
500 |a Traducido del japonés por Dennis Washburn 
650 0 |a Literatura japonesa  |9 266543 
583 |a last modification  |c 20090402 00:00:00  |k Rodrigo Vera 
999 |c 333121  |d 333119 
952 |0 0  |1 0  |4 0  |6 895_600000000000000_MIZ_2008  |7 0  |8 A  |9 421306  |a BIBGIM  |b BIBGIM  |d 2019-11-22  |i 4524853  |o 895.6 MIZ 2008  |p 4524853  |r 2025-01-15  |w 2019-11-22  |y BK  |k ORI